000 01499cam a22004214i 4500
003 PE-LiUPU
005 20250731173203.0
008 150625s r 000 0 d
035 _a(Sirsi) a30565
040 _aPE-LiUPU
_bspa
_cPE-LiUPU
_erda
082 0 4 _a220.075
_bB1990
_221
110 2 _aInstituto Ecuménico de Posgraduacao em Ciencias do Religiao
245 1 0 _aBibliografía Bíblica Latino-Americana /
_cCoordinador Archibald Mulfard, Milton Shwantes.
264 1 _aSao Paulo :
_bVozes,
_c1991.
300 _a379 páginas ;
_c19 cm.
336 _atext
_2rdacontent
337 _aunmediated
_2rdamedia
338 _avolume
_2rdacarrier
505 0 _aTexto. -Interpretacao. -Historia. -Biblia. -Antigo testamento. -Profecia. -Escritos. -Deutero-canonicos. -Novo testamento. .
526 _aSEG42
526 _aSEG41
526 _aSEG40
526 _aSEG39
526 _aP94
526 _aP87
526 _aP86
526 _aP85
526 _aP77
526 _aP76
526 _aP35
630 _aBiblia
_xBibliografías.
910 _bjv
_cng
942 _2ddc
_cBOOK
949 _a220.075 B 3 1990
_wDEWEY
_c1
_i36483
_lCCODEBUL1
_mBUL
_p00.00
_r0
_sY
_tBOOK
_u2015-06-25
_xBIBLIOTECA
_zUNKNOWN
_0COMPRA
_o.STAFF. Colección General
596 _a1
999 _a220.075 B 3 1990
_wDEWEY
_c38023
_i36483
_f2021-11-9
_g5
_lCCODEBUL1
_mBUL
_r0
_sY
_tBOOK
_u2015-6-25
_xTEOLOGIA
_zUNKNOWN
_0COMPRA
_o.STAFF. Colección General
_d38023
980 _81
_gALBERTO SANCHEZ Responsable de Automatización